000 00889nas a2200289 4500
001 BR2014004893
003 BR-BrBNA
005 20231205124338.0
007 ta
008 230509b bl.|||p| |||| 00| 00por d
040 _aBR-BrBNA
_bpor
_cBiblioteca Nacional de Agricultura
041 _a(Pt)
072 _aF02; F01
100 1 _aFernandes, P.G.
100 1 _aMay, A.
100 1 _aCoelho, F.C.
100 1 _aAbreu, M.C.
100 1 _aBertolino, K.M.
245 1 _aInfluência do espaçamento e da população de plantas de sorgo sacarino em diferentes épocas semeadura
650 _aSORGO SACARINO
650 _aPOPULAÇÃO DE PLANTA
650 _aESPAÇAMENTO
650 _aÉPOCA DE SEMEADURA
773 0 _tCiência Rural (Brazil)
_xISSN 0103-8478
_g(Jun 2014), v. 44(6) p. 975-981
_wBR2014004893
909 _a202311
_bLúcia
_c55
_dLúcia Elande
942 _2AGRIS
_n0
_cANA
999 _c238596
_d238596